Exponer o exponerse : (Record no. 135726)

MARC details
000 -CABECERA
campo de control de longitud fija 01196nam a22003254i 4500
001 - NÚMERO DE CONTROL
campo de control 991052286429706706
003 - IDENTIFICADOR DEL NÚMERO DE CONTROL
campo de control ES-BaIT
005 - FECHA Y HORA DE LA ÚLTIMA TRANSACCIÓN
campo de control 20241104090555.0
008 - DATOS DE LONGITUD FIJA--INFORMACIÓN GENERAL
campo de control de longitud fija 190711s2019 sp |||||||||||0|| ||spa|c
020 ## - NÚMERO INTERNACIONAL ESTÁNDAR DEL LIBRO
Número Internacional Estándar del Libro 9788490976937
035 ## - NÚMERO DE CONTROL DEL SISTEMA
Número de control de sistema (ES-BaCBU).b73172261
035 ## - NÚMERO DE CONTROL DEL SISTEMA
Número de control de sistema (OCoLC)1120518156
040 ## - FUENTE DE LA CATALOGACIÓN
Centro catalogador/agencia de origen ES-GiUDG
Lengua de catalogación cat
Normas de descripción rda
Centro/agencia transcriptor ES-GiUDG
080 ## - NÚMERO DE LA CLASIFICACIÓN DECIMAL UNIVERSAL
Número de la Clasificación Decimal Universal 06:37
245 00 - MENCIÓN DE TÍTULO
Título Exponer o exponerse :
Resto del título la educación en museos como producción cultural crítica /
Mención de responsabilidad, etc. Belén Sola Pizarro (ed.)
264 #1 - PRODUCCIÓN, PUBLICACIÓN, DISTRIBUCIÓN, FABRICACIÓN Y COPYRIGHT
Producción, publicación, distribución, fabricación y copyright Madrid :
Nombre del de productor, editor, distribuidor, fabricante Los Libros de la Catarata,
Fecha de producción, publicación, distribución, fabricación o copyright 2019
300 ## - DESCRIPCIÓN FÍSICA
Extensión 183 pàgines, 16 pàgines de làmines no numerades (fotografies en blanc i negre) ;
Dimensiones 22 cm
336 ## - TIPO DE CONTENIDO
Término de tipo de contenido text
Código de tipo de contenido txt
Fuente rdacontent
337 ## - TIPO DE MEDIO
Nombre/término del tipo de medio sense mediació
Código del tipo de medio n
Fuente rdamedia
338 ## - TIPO DE SOPORTE
Nombre/término del tipo de soporte volum
Código del tipo de soporte nc
Fuente rdacarrier
490 0# - MENCIÓN DE SERIE
Mención de serie Arte + Educación ;
Designación de volumen o secuencia 4
504 ## - NOTA DE BIBLIOGRAFÍA, ETC.
Nota de bibliografía, etc. Inclou referències bibliogràfiques
650 #7 - PUNTO DE ACCESO ADICIONAL DE MATERIA--TÉRMINO DE MATERIA
Término de materia o nombre geográfico como elemento de entrada Museus
Subdivisión general Aspectes educatius
9 (RLIN) 57332
700 1# - ENTRADA AGREGADA--NOMBRE PERSONAL
Nombre de persona Sola Pizarro, Belén
Término indicativo de función/relación editor literari
9 (RLIN) 164936
830 ## - PUNTO DE ACCESO ADICIONAL DE SERIE-TÍTULO UNIFORME
Título uniforme Arte + Educación
Designación de volumen o secuencia 4
9 (RLIN) 155143
907 ## - ELEMENTOS DE DATOS G LOCAL, LDG (RLIN)
a .b73172261
b 27-05-21
c 11-07-19
d 11-07-19
e m
f a
g -
h spa
i sp
j 0
k 0
908 ## - COLOCAR PARÁMETRO DE COMANDO (RLIN)
Colocar parámetro de comando UdG
-- MEB
-- MNAC
-- MACBA
-- FMJC
-- CDMAE
940 ## - EQUIVALENCIA O REFERENCIA-CRUZADA--TÍTULO UNIFORME [OBSOLETO] [solamente CAN/MARC]
Título uniforme <a href="UdG">UdG</a>
942 ## - ELEMENTOS DE ENTRADA AGREGADA (KOHA)
Fuente del sistema de clasificación o colocación Clasificación decimal universal
Tipo de ítem Koha Llibre
Holdings
Estado de retiro Estado de pérdida Fuente del sistema de clasificación o colocación Estado dañado No para préstamo Localización permanente Ubicación/localización actual Ubicación en estantería Fecha de adquisición Fuente de adquisición Total de préstamos Signatura topográfica completa Código de barras Fecha visto por última vez Precio válido a partir de Tipo de ítem Koha
    Clasificación decimal universal     Biblioteca Barcelona Biblioteca Barcelona BCN Lliure Accés 04/11/2024 Compra   06:37 EXP 1900088190 04/11/2024 04/11/2024 Llibre

Powered by Koha